000
00279nam a22001217a 4500
003
SGT
082
_a
891.433
_b
PRE
100
_a
PREMCHAND MUNSHI
245
_a
PREMCHAND’S KAZAKI AND OTHER MARVELLOUS TALES
260
_a
INDIA
_b
HACHETTE
_c
2013
300
_a
188
942
_2
ddc
_c
BK
999
_c
33463
_d
33463